Большой поход (Запись № 12478214)

Подробности
000 -МАРКЕР
контрольное поле 03303nam0a2200433 4500
001 - ИДЕНТИФИКАТОР ЗАПИСИ
контрольное поле RU\NLR\BIBL_A\022009052
005 - ИДЕНТИФИКАТОР ВЕРСИИ
контрольное поле 20230919100616.0
010 ## - МЕЖДУНАРОДНЫЙ СТАНДАРТНЫЙ НОМЕР КНИГИ (ISBN)
Номер (ISBN) 978-5-9614-8759-6
010 ## - МЕЖДУНАРОДНЫЙ СТАНДАРТНЫЙ НОМЕР КНИГИ (ISBN)
Номер (ISBN) 978-5-9614-7768-9
Тираж 2000
021 ## - НОМЕР ГОСУДАРСТВЕННОЙ РЕГИСТРАЦИИ
Код страны Российская Федерация
Номер КН-П-23-045706
Номер Листа государственной регистраци КН-П-23-4573
035 ## - ДРУГИЕ СИСТЕМНЫЕ НОМЕРА
Идентификатор записи (NLR Aleph) 022009052
035 ## - ДРУГИЕ СИСТЕМНЫЕ НОМЕРА
Идентификатор записи (RuMoRGB)011949130
100 ## - ДАННЫЕ ОБЩЕЙ ОБРАБОТКИ
Данные общей обработки 20230822d2023 u y0rusy50 ca
101 0# - ЯЗЫК РЕСУРСА
Язык текста, звукозаписи и т.д. русский
102 ## - СТРАНА ПУБЛИКАЦИИ ИЛИ ПРОИЗВОДСТВА
Страна публикации Российская Федерация
105 ## - ПОЛЕ КОДИРОВАННЫХ ДАННЫХ: ТЕКСТОВЫЕ МАТЕРИАЛЫ, МОНОГРАФИЧЕСКИЕ
Кодированные данные о монографическом текстовом документе a z 000ay
181 #0 - ПОЛЕ КОДИРОВАННЫХ ДАННЫХ: ВИД СОДЕРЖАНИЯ
Код вида содержания (ISBD) i3
Код характеристики содержания (ISBD) axxe
181 #0 - ПОЛЕ КОДИРОВАННЫХ ДАННЫХ: ВИД СОДЕРЖАНИЯ
Код вида содержания (ISBD) b2
Код характеристики содержания (ISBD) xb2e
182 #1 - ПОЛЕ КОДИРОВАННЫХ ДАННЫХ: ТИП СРЕДСТВА
Код типа средства (ISBD) n - непосредственное
200 1# - ЗАГЛАВИЕ И СВЕДЕНИЯ ОБ ОТВЕТСТВЕННОСТИ
Основное заглавие Большой поход
Наименование части Приключения на озере
Сведения, относящиеся к заглавию [для чтения взрослыми детям]
Первые сведения об ответственности Александр Банников, Иван Черкашин, Наталия Степанова
Последующие сведения об ответственности нарисовала Ксения Шаоршадзе
203 ## - ВИД СОДЕРЖАНИЯ И ТИП СРЕДСТВА
Вид содержания Текст
-- Изображение
Дополнительные сведения об издании визуальные
Тип средства непосредственные
210 ## - ПУБЛИКАЦИЯ, РАСПРОСТРАНЕНИЕ И ДР.
Место издания, распространения и т.д. Москва
Имя издателя, распространителя и т. д. Альпина дети
-- Альпина паблишер
Дата издания, распространения и т.д. 2023
215 ## - ФИЗИЧЕСКАЯ ХАРАКТЕРИСТИКА
Специфическое обозначение материала и объем 61, [1] с.
Другие сведения о физической характеристике цв. ил.
Размеры 27
225 1# - СЕРИЯ
Основное заглавие серии Серия "Большой поход"
300 ## - ОБЩИЕ ПРИМЕЧАНИЯ
Текст примечания Доп. информ. в ссылках QR-кодов кн.
330 ## - РЕЗЮМЕ ИЛИ РЕФЕРАТ
Текст примечания Приключения пятерых ребят и их пап на природе! История начинается с того, что команда путеше- ственников решает разбить лагерь на берегу лесного озера. Пока мальчики ставят палатку, девочки отправляются к ручью за водой для приготовления обеда. Как же велик соблазн хоть ненадолго оку- нуться в прохладную воду! Но разве можно купаться без присмотра взрослых?... Маленькие читатели узнают, как правильно вести себя на воде, чтобы не случилось беды. А еще о том, как безопасно взаимодействовать с костром, фильтровать воду, вязать самые разные узлы, ловить рыбу и главное - почему важно слушаться взрослых, находясь на природе. Родители тоже почерпнут кое-что полезное для себя: специальные разделы "Разговор с тьюторомN расскажут им, как организовать детский досуг на природе и не сойти с ума
333 ## - ПРИМЕЧАНИЯ ОБ ОСОБЕННОСТЯХ РАСПРОСТРАНЕНИЯ И ИСПОЛЬЗОВАНИЯ
Текст примечания 6+
606 1# - НАИМЕНОВАНИЕ ТЕМЫ КАК ПРЕДМЕТ
Наименование темы Туристские походы
Формальный подзаголовок Издания для детей
Тематический подзаголовок Подготовка и проведение
Системный номер авторитетной/нормативной записи 1817230
Идентификатор авторитетной/нормативной записи RU\NLR\AUTH\661113087
686 0# - ИНДЕКСЫ ДРУГИХ КЛАССИФИКАЦИЙ
Индекс Ш9
Книжный номер Ч5
700 #1 - ИМЯ ЛИЦА - ПЕРВИЧНАЯ ОТВЕТСТВЕННОСТЬ
Начальный элемент ввода Банников
Часть имени, кроме начального элемента ввода А.
Даты 1961-
Расширение инициалов личного имени Александр
701 #1 - ИМЯ ЛИЦА - АЛЬТЕРНАТИВНАЯ ОТВЕТСТВЕННОСТЬ
Начальный элемент ввода Черкашин
Часть имени, кроме начального элемента ввода И.
Расширение инициалов личного имени Иван
701 #1 - ИМЯ ЛИЦА - АЛЬТЕРНАТИВНАЯ ОТВЕТСТВЕННОСТЬ
Графика поля Кириллица
Материалы, к которым относится поле rus
Начальный элемент ввода Степанова
Часть имени, кроме начального элемента ввода Н.
Дополнения к именам, кроме дат дет. писатель
Расширение инициалов личного имени Наталия
Системный номер авторитетной/нормативной записи 259672
Идентификатор авторитетной/нормативной записи RU\NLR\AUTH\770259728
701 #1 - ИМЯ ЛИЦА - АЛЬТЕРНАТИВНАЯ ОТВЕТСТВЕННОСТЬ
Начальный элемент ввода Шаоршадзе
Часть имени, кроме начального элемента ввода К.
Расширение инициалов личного имени Ксения
Код отношения Карикатурист, Художник
942 ## - ДОПОЛНИТЕЛЬНЫЕ ЭЛЕМЕНТЫ ЗАПИСИ (АБИС)
Тип экземпляра АБИС Книга
980 ## - КОЛЛЕКЦИЯ
Название коллекции Национальная библиография
Экземпляры
Тип экземпляра Дата поступления Источник поступления Библиотека постоянного хранения Библиотека текущего хранения Место хранения Шифр хранения Штрих-код Статус экземпляра
Книга 22.08.2023 Обязательный экземпляр РНБ (Московский) РНБ (Московский) Русский книжный фонд: издания с 1957 года 2023-7/4418 1-4308861  
Книга 22.08.2023 Обязательный экземпляр РНБ (Московский) РНБ (Московский) Обменный фонд   1-4308862